00333nam a2200121Ia 4500008004100000082001700041100002600058245003000084260003000114300001000144630001800154650003900172211122s9999||||xx |||||||||||||| ||und|| a398.2bVIS-N aVishnunamboodiri, M V 0aNammute Pandathe Pattukal bD c BooksaKottayamc2005 a288p. xGeneral Stack aSocial SciencesvFolkloreGeneralia